Miasta w Polsce z końcówką "-zdrój" - Nagła Śmierć - Statystyki

Ogólne statystyki
  • Ten quiz został rozwiązany 133 razy
  • Średni wynik to 8 z 15
Answers on the Grid
Answers color-coded by a green-red scale on the quiz's grid according to % correct below.
Białka-Zdrój
Blachowniki-Zdrój
Bolumki-Zdrój
Busko-Zdrój
Dalka-Zdrój
Duszniki-Zdrój
Górka-Zdrój
Iwonicz-Zdrój
Jastrzębie-Zdrój
Jedlina-Zdrój
Kamienna-Zdrój
Kaszewy-Zdrój
Kraszewy-Zdrój
Krynica-Zdrój
Kudowa-Zdrój
Lądek-Zdrój
Łęki-Zdrój
Mazdrój
Pieszyca-Zdrój
Piwniczna-Zdrój
Polanica-Zdrój
Połczyn-Zdrój
Pyrza-Zdrój
Rabka-Zdrój
Świeradów-Zdrój
Szczawno-Zdrój
Trzcińsko-Zdrój
Tuczyca-Zdrój
Wilga-Zdrój
Żywiec-Zdrój
 
Statystyki odpowiedzi
Odpowiedź % Poprawnych
Jastrzębie-Zdrój
86%
Busko-Zdrój
71%
Krynica-Zdrój
69%
Duszniki-Zdrój
61%
Lądek-Zdrój
59%
Kudowa-Zdrój
57%
Rabka-Zdrój
51%
Polanica-Zdrój
49%
Świeradów-Zdrój
49%
Iwonicz-Zdrój
47%
Szczawno-Zdrój
45%
Piwniczna-Zdrój
39%
Jedlina-Zdrój
35%
Połczyn-Zdrój
35%
Trzcińsko-Zdrój
22%
Nie znaleziono quizów pasujących do podanych kryteriów
Rozkład punktacji
Procent ludzi z każdym wynikiem
Percentyl według liczby udzielonych odpowiedzi
Twoja historia wyników
Nie rozwiązałeś tego quizu